000 00599nam a2200217Ia 4500
003 GCL
008 140319s9999 xx 000 0 ara d
040 _aGCL /
_cGCL
082 0 4 _a001.5
_bم ا
100 1 _aماتيلو , بيار
245 1 0 _aالاعلاميا /
_cماتيلو , بيار
700 1 _aنسيم نصر
260 _a[S.N] :
_bمنشورات عويدان ،
_c1984
300 _a157 ص
490 _aزدنى علما
_v0
650 0 4 _aالاتصال
650 0 4 _aالاعلام
650 0 4 _aوسائل الاعلام
650 0 4 _aالانباء
942 _2ddc
_cBK
999 _c36609
_d36609